000
00294nam a2200121 a 4500
005
20140414093836.0
008
090115s19uu xx uuu eng d
050
_a
CDR 004.5
_b
HOM 2000
245
_a
Home publishing suite 2000.
650
_a
Web publishing.
942
_c
AVM
999
_c
109045
_d
109045